000 00580nam a22001697a 4500
005 20251108173707.0
008 250721s2008 xx 000 0 ara d
082 1 4 _a576/موس
100 1 _aباشي, محمود أوطه
_eمترجم
245 1 0 _aموسوعة علم الأحياء الدقيقة السريري /
264 1 _aدمشق :
_bدار العصماء،
_c2008.
650 1 7 _aالاحياا الدقيقه
700 1 _aزينو, محمد يحيى
_eمترجم
700 1 _aالعائدي, عبد الرحمن
_eمترجم
942 _2ddc
_cBK
999 _c110151
_d110151